000 00860cam a2200157 4500500
005 20260322004331.0
041 _afre
042 _adc
100 1 0 _aLe Rolland, Yves
_eauthor
245 0 0 _aLes Guignols de l'info : machine rodée et maison fragile
260 _c2010.
500 _a61
520 _aRésuméCinq soirs par semaine depuis vingt et un ans, Les Guignols restent fidèles à Canal+, avec une large audience. Leur longévité s’explique notamment par une indépendance d’esprit vis-à-vis de l’entreprise, résultat d’une volonté partagée de préservation d’identité et de pérennité.
786 0 _nLe Journal de l'École de Paris du management | 85 | 5 | 2010-09-01 | p. 25-30 | 1253-2711
856 4 1 _uhttps://shs.cairn.info/revue-le-journal-de-l-ecole-de-paris-du-management-2010-5-page-25?lang=fr&redirect-ssocas=7080
999 _c1739435
_d1739436